000 00384nam a2200157Ia 4500
008 221030s9999 xx 000 0 und d
020 _a0074602942
041 _aEnglish
082 _a105.23
_bNav
100 _aN. Prakash
245 0 _aIntroduction to Data Base Management
_cby N. Prakash
260 _bTMH
_aNew Delhi
_c2001
300 _a304
650 _aBE Computer
942 _cBK
999 _c3429
_d3429